Ingeniería económica
| Main Authors: | , |
|---|---|
| Format: | Section = Libro |
| Language: | Undetermined Spanish |
| Published: |
Bogotá
McGraw-Hill
1999
|
| Edition: | 4a.ed |
| Subjects: |
| LEADER | 00506nam a2200205Ia 4500 | ||
|---|---|---|---|
| 008 | 240830s9999 xx 000 0 und d | ||
| 020 | |a 958-600-966-1 | ||
| 040 | |a CEDOC FIQ-RUSB / 332 B642 | ||
| 041 | |a spa | ||
| 082 | |a 332 B642 | ||
| 100 | 1 | |a Blank, Leland T. | |
| 100 | 1 | |b Jarquin, Antohony J. | |
| 245 | 1 | 0 | |a Ingeniería económica |
| 250 | |a 4a.ed | ||
| 260 | |a Bogotá |b McGraw-Hill |c 1999 | ||
| 300 | |a 546 p. : il | ||
| 650 | 7 | |a INGENIERIA ECONOMICA | |
| 942 | |c BK |2 ddc | ||
| 991 | |a TEXTO | ||
| 999 | |c 13478 | ||